UNIMARC manuál bibliografický formát

Salvato in:
Dettagli Bibliografici
Natura: Libro
Lingua:ceco
Pubblicazione: Praha Národní knihovna ČR 1999
Soggetti:
Tags: Aggiungi Tag
Nessun Tag, puoi essere il primo ad aggiungerne!!

MARC

LEADER 00000nam a2200000 4500
001 c144164
005 20221123133642.9
020 |a 80-7050-252-5 
041 0 |a cze 
044 |a CZ 
245 1 0 |a UNIMARC manuál  |b bibliografický formát 
264 1 |a Praha  |b Národní knihovna ČR  |c 1999 
300 |a preruš. str. 
610 2 0 |a knihoveda 
610 2 0 |a knihovníctvo 
610 2 0 |a normy 
610 2 0 |a spracovanie dát 
610 2 0 |a unifikácia 
610 2 0 |a štandardy 
610 2 0 |a IFLA